| 000 | 00554cas a22002055a 4500 | ||
|---|---|---|---|
| 001 | L189 | ||
| 008 | 070717c1991 xxkqr p 0 a0eng | ||
| 022 | 1 | _a0267-078X | |
| 035 | _a(Sirsi) u98827 | ||
| 041 | 0 | _aeng | |
| 245 | 0 | 0 | _aTolley's Professional Negligence |
| 260 |
_aLondon _bReed Elsevier (UK) _c1991- |
||
| 362 | 0 | _a15(4) 2000-19(1) 2003 | |
| 520 | _aKept for five years | ||
| 554 | _aFour per year | ||
| 651 | 4 |
_aUnited Kingdom _y |
|
| 690 | _aMANAGEMENT-BUSINESS MANAGEMENT-PROFESSIONAL PRACTICE | ||
| 942 | _n0 | ||
| 948 | _c18/07/1994 | ||
| 999 |
_c118540 _d118540 |
||